The moral philosophy of Mo-tze / (Record no. 30520)
[ view plain ]
| 000 -LEADER | |
|---|---|
| fixed length control field | 00629cam a2200229u 4500 |
| 001 - CONTROL NUMBER | |
| control field | 30520 |
| 003 - CONTROL NUMBER IDENTIFIER | |
| rucl marc code | BD-RjUL |
| 005 - DATE AND TIME OF LATEST TRANSACTION | |
| control field | 20211209051557.0 |
| 008 - FIXED-LENGTH DATA ELEMENTS--GENERAL INFORMATION | |
| fixed length control field | 140410s1965 ch 000 0 eng d |
| 035 ## - SYSTEM CONTROL NUMBER | |
| System control number | (BD-RjUL) |
| 040 ## - CATALOGING SOURCE | |
| Original cataloging agency | DLC |
| Transcribing agency | CarP |
| Modifying agency | DLC |
| -- | BD-RjUL |
| Language of cataloging | eng |
| 041 ## - LANGUAGE CODE | |
| Language code of text/sound track or separate title | eng |
| 082 04 - DEWEY DECIMAL CLASSIFICATION NUMBER | |
| Classification number | 181.115 |
| Author mark and year | TSM 1965 |
| 100 1# - MAIN ENTRY--PERSONAL NAME | |
| Personal name | Tseu, Augustinus A. |
| 9 (RLIN) | 92730 |
| 245 14 - TITLE STATEMENT | |
| Title | The moral philosophy of Mo-tze / |
| Statement of responsibility, etc. | by Augustinus A. Tseu |
| 260 ## - PUBLICATION, DISTRIBUTION, ETC. (IMPRINT) | |
| Place of publication, distribution, etc. | China : |
| Name of publisher, distributor, etc. | China Printing |
| Date of publication, distribution, etc. | c1965. |
| 300 ## - PHYSICAL DESCRIPTION | |
| Pagination | 407 p. ; |
| Size | 22 cm. |
| 600 10 - SUBJECT ADDED ENTRY--PERSONAL NAME | |
| Personal name | Mo, Di, |
| Dates associated with a name | active 400 B.C. |
| 942 ## - ADDED ENTRY ELEMENTS (KOHA) | |
| Source of classification or shelving scheme | Dewey Decimal Classification |
| Koha item type | Books |
| Lost status | Source of classification or shelving scheme | Damaged status | Not for loan | Collection code | Permanent Location | Current Location | Shelving location | Date acquired | Source of acquisition | Total Checkouts | Full call number | Date last seen | Copy number | Koha item type |
|---|---|---|---|---|---|---|---|---|---|---|---|---|---|---|
| Dewey Decimal Classification | Not For Loan | Non-fiction | Central Library, University of Rajshahi | Central Library, University of Rajshahi | Reading Room | 21/01/1970 | Zeit | 181.115 TSM 1965 | 10/04/2014 | C-1 | Books |